书目信息 |
| 题名: |
细胞调控的探索
|
|
| 作者: | 叶鑫生 沈倍奋 | |
| 分册: | ||
| 出版信息: | 北京 军事医学科学出版社 1999 |
|
| 页数: | 267 | |
| 开本: | 26cm | |
| 丛书名: | ||
| 单 册: | ||
| 中图分类: | Q25 | |
| 科图分类: | ||
| 主题词: | 细胞生理学 | |
| 电子资源: | ||
| ISBN: | 7-80121-135-9 | |
| 000 | 00697nam0 2200193 450 | |
| 001 | 0741144344 | |
| 005 | 20070817112544.34 | |
| 010 | @a7-80121-135-9@d¥35.00 | |
| 100 | @a20070817d km y0chiy0120 ea | |
| 101 | 0 | @achi |
| 200 | 1 | @a细胞调控的探索@Axi bao tiao kong de tan suo@e细胞信号传导、细胞凋亡和基因调控@f叶鑫生 沈倍奋等@Fye xin sheng shen bei fen deng |
| 210 | @a北京@c军事医学科学出版社@d1999 | |
| 215 | @a267@d26cm | |
| 517 | 1 | @a细胞信号传导、细胞凋亡和基因调控@Axi bao xin hao chuan dao、xi bao diao wang he ji yin tiao kong |
| 606 | 0 | @a细胞生理学 |
| 690 | @aQ25@v3 | |
| 701 | 0 | @a叶鑫生 沈倍奋@Aye xin sheng shen bei fen |
| 801 | 0 | @aCN@bPFT@c20070817 |
| 905 | @a213230@dQ25@en1@f1 | |
| 细胞调控的探索:细胞信号传导、细胞凋亡和基因调控/叶鑫生 沈倍奋等.-北京:军事医学科学出版社,1999 |
| 267;26cm |
| ISBN 7-80121-135-9:¥35.00 |
| ● |
| 相关链接 |
|
|
|
|
正题名:细胞调控的探索
索取号:Q25/n1
 
预约/预借
| 序号 | 登录号 | 条形码 | 馆藏地/架位号 | 状态 | 备注 |
| 1 | 6600109 | 266001097 | 密集书库-生命科学系/ [索取号:Q25/n1] | 在馆 |